000
00324nam a2200109Ia 4500
008
200302s9999 xx 000 0 und d
100
_a
T. N. Khoshoo
245
_a
Mahatma Gandhi and the Environment Analysing Gandhian Environmental Thought
260
_b
The Energy and Resources Institute
260
_c
2011
300
_a
152 P.,
999
_c
5763
_d
5763